000 00316nam a22001337a 4500
020 _a9788183600774
082 _a631.5871
_bMAN/PR
100 _aMane, M.S
245 _aPrinciples of drip irrigatin system
260 _aNew Delhi
_bJain Brothers
_c2008
700 _aAyare, B.L
700 _aMagar, S.S
942 _cBK
999 _c13959
_d13959